Autem po ČSSR Čechy. Místopisný rejstřík

Bibliographic Details
Main Author: Mohr, Vladimír (Author)
Format: Book
Language:Czech
PhysicalDescription:21 s. 8°
Published: Praha Olympia 1973

MARC

LEADER 00000nam a2200000 a 4500
001 vtls001158587
003 SK-MaSNL
005 20260301101526.0
008 240314s1973 CS 0 cze
035 |a SNK000101493 
040 |a SNK  |b slo  |c SNK  |e AACR2 
041 0 |a cze 
044 |a [CS] 
100 1 |a Mohr, Vladimír  |4 aut  |9 435922 
245 1 0 |a Autem po ČSSR  |b Čechy. Místopisný rejstřík  |c Vladimír Mohr 
260 |a Praha  |b Olympia  |c 1973 
300 |a 21 s.  |c 8° 
500 |a Rozmn. 
958 |a OND 
999 |c 689549  |d 691479 
952 |t P60, <04>, [BOOK], {604}  |a SNK  |b SNK  |y VYP  |7 0  |p 17A0238874  |o snkSC 31504 /a/ D1  |0 0  |1 0  |4 0  |d 2000-05-18  |l 0  |r 2005-01-01 00:00:00  |w 2026-02-23